Black Hole Sun - Soundgarden - Lyric Quiz - Statistics

General Stats
  • This quiz has been taken 256 times
  • The average score is 13 of 21
Answer Stats
Lyric % Correct
Black {hole} sun
98%
Won't you {come}
98%
And wash away the {rain}
93%
And I'll hear you {scream} again
73%
Boiling heat, summer {stench}
70%
And my youth I pray to {keep}
69%
In my eyes, {indisposed}
66%
Hides the face, lies the {snake}
61%
'Til you all just {disappear}
61%
Hang my head, drown my {fear}
58%
In the sun, in my {disgrace}
58%
{Heaven} sent hell away
57%
No one {sings} like you anymore
57%
And sometimes far too {long} for snakes
56%
'Neath the black the sky looks {dead}
53%
Times are gone for {honest} men
51%
In {disguises} no one knows
50%
In my shoes, a walking {sleep}
50%
Call my name through the {cream}
47%
{Stuttering}, cold and damp
43%
Steal the warm wind, {tired} friend
41%
No matching quizzes found
Score Distribution
Percent of People with Each Score
Percentile by Number Answered
Your Score History
You have not taken this quiz